Các vị trạng nguyên bảng nhãn, thám hoa qua các triều đại phong kiến Việt Nam
Giới thiệu tuyền thống hiếu học của ông cha xưa thông qua các triều đại phong kiến từ đời nhà Lý đến đời nhà Nguyễn; Danh sách các vị tam khôi đỗ đạt qua các triều đại phong kiến Việt Nam
保存先:
| 第一著者: | |
|---|---|
| フォーマット: | 図書 |
| 言語: | Vietnamese |
| 出版事項: |
H.
Văn hoá thông tin
1999
|
| 主題: | |
| タグ: |
タグ追加
タグなし, このレコードへの初めてのタグを付けませんか!
|
| Thư viện lưu trữ: | Mạng thư viện Đại học Đà Nẵng |
|---|
| LEADER | 01610nam a22004218a 4500 | ||
|---|---|---|---|
| 001 | 000009988 | ||
| 003 | 6187 | ||
| 005 | 20111107081104.0 | ||
| 008 | 111107s1999 b 000 0 vieod | ||
| 020 | |c 26000đ | ||
| 041 | 0 | |a vie | |
| 080 | |a 9(V)1(092) | ||
| 082 | |a 379.597 |b TR-Đ | ||
| 084 | |a P3(1)4/5-8 |b C101V | ||
| 100 | 1 | |a Trần Hồng Đức | |
| 245 | 1 | 0 | |a Các vị trạng nguyên bảng nhãn, thám hoa qua các triều đại phong kiến Việt Nam |c Trần Hồng Đức |
| 260 | |a H. |b Văn hoá thông tin |c 1999 | ||
| 300 | |a 257tr |c 21cm | ||
| 500 | |a ĐTTS ghi: Hội Khoa học kịch sử Việt Nam | ||
| 520 | |a Giới thiệu tuyền thống hiếu học của ông cha xưa thông qua các triều đại phong kiến từ đời nhà Lý đến đời nhà Nguyễn; Danh sách các vị tam khôi đỗ đạt qua các triều đại phong kiến Việt Nam | ||
| 653 | |a Lịch sử | ||
| 653 | |a Phong kiến | ||
| 653 | |a Nhân vật lịch sử | ||
| 653 | |a Bảng nhãn | ||
| 653 | |a Thám hoa | ||
| 653 | |a Trạng nguyên | ||
| 653 | |a Việt Nam | ||
| 910 | |a Nguyễn Thị Kim Oanh |d 7/11/2011 | ||
| OWN | |a LSP | ||
| AVA | |a UDN50 |b LSP |d 379.597 TR-Đ |e available |t Error 5001 Not defined in file expand_doc_bib_avail. |f 4 |g 0 |h N |i 0 |k 1 | ||
| 999 | |a From the UDN01 | ||
| AVA | |a UDN50 |b LSP |d 379.597 TR-Đ |e available |t Error 5001 Not defined in file expand_doc_bib_avail. |f 4 |g 0 |h N |i 0 |k 1 | ||
| TYP | |a Monograph | ||
| TYP | |a Printed language | ||
| 980 | |a Mạng thư viện Đại học Đà Nẵng | ||